|
|
|
|
| LEADER |
03223nam a2200757 i 4500 |
| 001 |
nkc20162800870 |
| 003 |
CZ PrNK |
| 005 |
20230530102136.0 |
| 007 |
ta |
| 008 |
160527t20162016xr ach e c 000 0 cze |
| 015 |
|
|
|z cnb002800870
|
| 020 |
|
|
|a 978-80-87912-44-7
|q (Ústav pro studium totalitních režimů ;
|q brožováno)
|
| 040 |
|
|
|a OLA001
|b cze
|d ABA001
|e rda
|
| 041 |
1 |
|
|a cze
|a eng
|h cze
|
| 043 |
|
|
|a e-xr---
|a e-cs---
|
| 045 |
|
|
|a x4x8
|
| 072 |
|
7 |
|a 63
|x Zemědělství a příbuzné oblasti vědy a techniky
|2 Konspekt
|9 24
|
| 080 |
|
|
|a 332.025.26:63
|2 MRF
|
| 080 |
|
|
|a 63-051
|2 MRF
|
| 080 |
|
|
|a 323.28
|2 MRF
|
| 080 |
|
|
|a 323.28
|2 MRF
|
| 080 |
|
|
|a 338.43.02
|2 MRF
|
| 080 |
|
|
|a 631.115.8
|2 MRF
|
| 080 |
|
|
|a 63(091)
|2 MRF
|
| 080 |
|
|
|a (437.3)
|2 MRF
|
| 080 |
|
|
|a (437)
|2 MRF
|
| 080 |
|
|
|a (083.824)
|2 MRF
|
| 100 |
1 |
|
|a Blažek, Petr,
|d 1973-
|7 pna2005280931
|4 aut
|
| 245 |
1 |
0 |
|a Rozkulačeno! :
|b půlstoletí perzekuce selského stavu = half a century of persecution of the peasant estate /
|c autorský tým: Petr Blažek, Jaroslav Rokoský, Libor Svoboda, Martin Tichý, Jiří Urban
|
| 246 |
3 |
0 |
|a Půlstoletí perzekuce selského stavu
|
| 246 |
3 |
0 |
|a Half a century of persecution of the peasant estate
|
| 264 |
|
1 |
|a Praha :
|b Ústav pro studium totalitních režimů :
|b Národní zemědělské muzeum,
|c [2016]
|
| 264 |
|
4 |
|c ©2016
|
| 300 |
|
|
|a 143 stran :
|b ilustrace (některé barevné), portréty, faksimile ;
|c 21 cm
|
| 336 |
|
|
|a text
|b txt
|2 rdacontent
|
| 336 |
|
|
|a statický obraz
|b sti
|2 rdacontent
|
| 337 |
|
|
|a bez média
|b n
|2 rdamedia
|
| 338 |
|
|
|a svazek
|b nc
|2 rdacarrier
|
| 546 |
|
|
|a Souběžný anglický text
|
| 648 |
|
7 |
|a 20. století
|7 ch460558
|2 czenas
|
| 648 |
|
7 |
|a 1945-1989
|7 ch460657
|2 czenas
|
| 650 |
0 |
7 |
|a kolektivizace zemědělství
|7 ph134658
|z Československo
|2 czenas
|
| 650 |
0 |
7 |
|a sedláci
|7 ph125464
|x perzekuce
|2 czenas
|
| 650 |
0 |
7 |
|a sedláci
|7 ph125464
|z Česko
|y 20. století
|2 czenas
|
| 650 |
0 |
7 |
|a politická perzekuce
|7 ph124236
|z Česko
|y 1945-1989
|2 czenas
|
| 650 |
0 |
7 |
|a zemědělská politika
|7 ph127616
|z Československo
|2 czenas
|
| 650 |
0 |
7 |
|a jednotná zemědělská družstva
|7 ph114825
|z Československo
|2 czenas
|
| 650 |
0 |
7 |
|a dějiny zemědělství
|7 ph488801
|z Československo
|2 czenas
|
| 650 |
0 |
9 |
|a collectivization of agriculture
|z Czechoslovakia
|2 eczenas
|
| 650 |
0 |
9 |
|a farmers
|x persecutions
|2 eczenas
|
| 650 |
0 |
9 |
|a farmers
|z Czechia
|y 20th century
|2 eczenas
|
| 650 |
0 |
9 |
|a political persecution
|z Czechia
|y 1945-1989
|2 eczenas
|
| 650 |
0 |
9 |
|a agricultural policy
|z Czechoslovakia
|2 eczenas
|
| 650 |
0 |
9 |
|a agricultural cooperative societies
|z Czechoslovakia
|2 eczenas
|
| 650 |
0 |
9 |
|a history of agriculture
|z Czechoslovakia
|2 eczenas
|
| 655 |
|
7 |
|a katalogy výstav
|7 fd132536
|2 czenas
|
| 655 |
|
9 |
|a exhibition catalogs
|2 eczenas
|
| 700 |
1 |
|
|a Rokoský, Jaroslav,
|d 1969-
|7 xx0017554
|4 aut
|
| 700 |
1 |
|
|a Svoboda, Libor,
|d 1970-
|7 mzk2009521662
|4 aut
|
| 700 |
1 |
|
|a Tichý, Martin,
|d 1975-
|7 ola2012679632
|4 aut
|
| 700 |
1 |
|
|a Urban, Jiří,
|d 1981-
|7 hka2010597880
|4 aut
|
| 910 |
2 |
|
|a BOA001
|b 2-1370.006
|
| 990 |
|
|
|a BK
|
| 995 |
|
|
|a 11
|
| 991 |
|
|
|b 201606
|c NOV
|
| 996 |
6 |
|
|b 2610671814
|c 2-1370.006
|l MZK
|r Sklad / do 1 hodiny
|n 8
|p p.v.
|w 001563909
|u 000010
|a 1
|e BOA001
|j MZK50
|s P
|